Rassenforschung Rassenkunde Rassenideologie : (Titelsatznr. 11221)
[ MARC ]
| 000 -Satzkennung | |
|---|---|
| Kontrollfeld mit fester Länge | 00818nam a22002531c 4500 |
| 001 - Kontrollnummer | |
| Kontrollfeld | a987691948 |
| 008 - Feld mit fester Länge zur physischen Beschreibung - Allgemeine Angaben | |
| Kontrollfeld mit fester Länge | 181004s2015 gw |||| 000u ger d |
| 020 ## - Internationale Standardbuchnummer | |
| Internationale Standardbuchnummer | 9783734750045 |
| Verknüpfung | 978-373-475-0045 |
| 041 ## - Sprachcode | |
| Sprachcode des Textes/der Tonspur oder des separaten Titels | ger |
| 040 ## - Katalogisierungsquelle | |
| Übertragungsstelle | RU-10907106 |
| 003 - Kontrollnummer Identifier | |
| Kontrollfeld | RU-10907106 |
| 100 1# - Haupteintragung - Personenname | |
| Personenname | Wickenhäuser, Ruben Philipp |
| 240 10 - Einheitstitel | |
| Einheitstitel | Anthropologie und Nationalsozialismus |
| 245 00 - Titel | |
| Titel | Rassenforschung Rassenkunde Rassenideologie : |
| Zusatz zum Titel | Eine wissenschaftshistorische Betrachtung der physischen Anthropologie zwischen Weimarer Republik und NS-Zeit |
| 250 ## - Ausgabebezeichnung | |
| Ausgabebezeichnung | 1. Auflage |
| 264 ## - Produktion, Veröffentlichung, Distribution, Herstellung und Urheberrechtsvermerk | |
| Herstellungs-, Veröffentlichungs- Vertriebs-, Erzeugungsort | [Norderstedt] : |
| Produzent, Herausgeber, Distributor, Hersteller | [Books on Demand], |
| Datum der Herstellung, der Veröffentlichung, des Vertriebs oder des Urheberschutzvermerks | 2015 |
| 300 ## - Physische Beschreibung | |
| Umfang | 180 Seiten |
| 650 #0 - Nebeneintragung unter einem Schlagwort - Sachschlagwort | |
| Sachschlagwort oder geografischer Name als Eintragungselement | Rassenideologie |
| 650 #0 - Nebeneintragung unter einem Schlagwort - Sachschlagwort | |
| Sachschlagwort oder geografischer Name als Eintragungselement | Rassenkunde |
| 650 #0 - Nebeneintragung unter einem Schlagwort - Sachschlagwort | |
| Sachschlagwort oder geografischer Name als Eintragungselement | Rassenforschung |
| 650 #0 - Nebeneintragung unter einem Schlagwort - Sachschlagwort | |
| Sachschlagwort oder geografischer Name als Eintragungselement | Anthroplologie |
| 650 #0 - Nebeneintragung unter einem Schlagwort - Sachschlagwort | |
| Sachschlagwort oder geografischer Name als Eintragungselement | Nationalsozialismus |
| 942 ## - Zusätzliche Felder (Koha) | |
| Koha-Medientyp | Monographien |
| Ausgeschieden | Verloren | Klassifikation oder Aufstellungssystematik | Beschädigt | Nicht entleihbar | Heimatbibliothek | Aufenthaltsbibliothek | Aufstellungsort | Erwerbungsdatum | Inventarnummer | Signatur | Barcode | Letzte Aktivität | Preis gültig von | Koha-Medientyp |
|---|---|---|---|---|---|---|---|---|---|---|---|---|---|---|
| Andere/Generische Klassifikation | MWN Osteuropa | MWN Osteuropa | Lesesaal - 1 | 04/10/2018 | 19-00034 | D 51 t Wick | E00401506CBE07DB | 23/02/2021 | 22/03/2021 | Monographien |